01280nam a22002777a 4500003000400000005001700004008004100021040002200062082001800084100002700102245004300129260004700172300001900219366000800238490001300246505021200259505019400471505000900665650004100674650005000715650004400765650004800809650004300857650005500900650004700955OSt20230503171001.0221006b |||||||| |||| 00| 0 eng d cBiblioteca Lado V a709.05bR643f aRoberts, Jameseeditor aFrieze/bContemporary Art And Culture/ bDurian Publications Ltd.aInglaterrac2005 c23x30cma132p. eeng a91v2005 tMIDDLEaTHE COLLECTOR Hans-Peter Secrets and Lies One Atom that was you Torsten Slama Joost Conijn Kate Davis Rezi Van Lankveld City Report The Memorial to the Murdered Jews of Europe Questionnaire tBACKaAn Aside Camden Arts Centre Greater New York Mathew Weir Stanley Brown Jules de Balincourt Artlab MOT Depth OF fIELD Richard Allen Morris Vibeke Tandberg Circling the Square  tBACK 2Tesauro de Arte & ArquitecturaaARTE 2Tesauro de Arte & ArquitecturaaEXPOSICIONES  2Tesauro de Arte & ArquitecturaaCULTURA 2Tesauro de Arte & ArquitecturaaAPRECIACION 2Tesauro de Arte & ArquitecturaaTEORIA 2Tesauro de Arte & ArquitecturaaARTE CONTEMPORANEO 2Tesauro de Arte & ArquitecturaaINGLATERRA